书目信息 |
| 书名: | Poems of Lu Hsun | |
| 作者: | translated and noted by Huang Hsin-chyu | |
| 分册号: | ||
| 分册名: | 出版地: | Hongkong : |
|
| 出版社: | Joint Pub. Co | |
| 出版时间: | 1979. | |
| 页数: | iii, 77 p., [5] leaves of plates : | |
| 开本: | 22 cm. | |
| 丛书名: | ||
| 中图分类号: | ||
| 科图分类号: | ||
| 其他分类号: | H319.4 | |
| 主题词: | ||
| 电子资源: | ||
| 000 | 01271nam 2200373 a 4500 | |
| 001 | E0752103420 | |
| 004 | 001143311 | |
| 005 | 20070210142838.96 | |
| 008 | 4001uueng0000000 | |
| 008 | 000 0 eng | |
| 010 | @a79121407 | |
| 020 | @a9620400097 (hbk.). | |
| 020 | @a9620400100 (pbk.). | |
| 035 | @a(DLC) 79121407 | |
| 040 | @aDLC @cDLC @dDLC @dCcBjTSG | |
| 041 | 1 | @aengchi @hchi |
| 050 | 00 | @aPL2754.S5 @bA23 1979 |
| 082 | 00 | @a895.1/15 |
| 090 | @aI210.5 @bL926 | |
| 090 | @aH319.4 | |
| 096 | @aI210.5 | |
| 099 | @dH319.4@eX308 | |
| 100 | 1 | @aLu, Xun, @d1881-1936. |
| 240 | 10 | @aLu Xun shi ge. @lEnglish & Chinese |
| 245 | 10 | @aPoems of Lu Hsun / @ctranslated and noted by Huang Hsin-chyu |
| 246 | 31 | @a鲁迅诗歌 |
| 260 | @aHongkong :@bJoint Pub. Co.,@c1979. | |
| 300 | @aiii, 77 p., [5] leaves of plates :@bill. ;@c22 cm. | |
| 500 | @aTitle also in Chinese: Lu Xun shi ge. | |
| 500 | @a"鲁迅诗歌,黄新渠(译著)" | |
| 504 | @aBibliography: p. 77. | |
| 546 | @aEnglish and Chinese. | |
| 600 | 10 | @aLu, Xun, @d1881-1936 @vTranslations into English. @b01 @c20050321 @lNLC09 @h1042 @b40 @c20051028 @lNLC09 @h1018 @b40 @c20051028 @lNLC09 @h1018 @b40 @c20051107 @lNLC09 @h0844 |
| 852 | 91 | @bWWJC @cJ09 @k2C-2005 @hI210.5 @iL926 |
| Poems of Lu Hsun / / translated and noted by Huang Hsin-chyu.-Hongkong : : Joint Pub. Co., , 1979. |
| iii, 77 p., [5] leaves of plates : : ill. ; ; 22 cm. |
| Title also in Chinese: Lu Xun shi ge.-"鲁迅诗歌,黄新渠(译著)" .-Bibliography: p. 77.-English and Chinese. |
| ISBN 9620400097 (hbk.). |
| ● |
| 相关链接 |
|
|
|
|
正题名:Poems of Lu Hsun
索取号:H319.4/X308
 
预约/预借
| 序号 | 登录号 | 条形码 | 馆藏地/架位号 | 状态 | 备注 |
| 1 | 47361 | 001428949 | 第四借阅区/ [索取号:H319.4/X308] | 在馆 | |
| 2 | 47362 | 001428967 | 第四借阅区/ [索取号:H319.4/X308] | 在馆 |